00180 a2200073 4500020001800000082001700018100001900035245005200054 a9781403198938 a299.936 HUBB aHubbard L. Ron aEarly years of adventure: letters and journals